书目信息 |
| 题名: |
摄影纪实中国世纪
|
|
| 作者: | 中川定 | |
| 分册: | ||
| 出版信息: |
|
|
| 页数: | ||
| 开本: | ||
| 丛书名: | ||
| 单 册: | ||
| 中图分类: | G213 | |
| 科图分类: | ||
| 主题词: | 新闻学 , 新闻工作 | |
| 电子资源: | ||
| ISBN: | 4-272-62022-3 | |
| 000 | 00502nam0 2200169 450 | |
| 001 | 202410292776761549 | |
| 005 | 20241029164837.66 | |
| 010 | @a4-272-62022-3 | |
| 100 | @a20241029d km y0chiy0120 ea | |
| 101 | 0 | @achi |
| 200 | 1 | @a摄影纪实中国世纪@AShe Ying Ji Shi Zhong Guo Shi Ji@f中川定@FZhong Chuan Ding |
| 606 | 0 | @a新闻学 |
| 606 | 0 | @a新闻工作 |
| 690 | @aG213@v4 | |
| 701 | 0 | @a中川定@AZhong Chuan Ding |
| 801 | 0 | @aCN@b大连网信软件有限公司图书馆·11@c20241029 |
| 905 | @aZUCC@b1430670@dG213@e1089@f1 | |
| 摄影纪实中国世纪/中川定 |
| ISBN 4-272-62022-3: |
| ● |
| 相关链接 |
|
|
|
|
正题名:摄影纪实中国世纪
索取号:G213/1089
 
预约/预借
| 序号 | 登录号 | 条形码 | 馆藏地/架位号 | 状态 | 备注 |
| 1 | 1430670 | 214306703 | 密集书库-史法系/ [索取号:G213/1089] | 在馆 |